000 01065cam a2200337 i 4500
001 4161694
003 BD-DhUL
005 20160801195502.0
008 781018s1978 enkab b 001 0 eng
010 _a 78320663
015 _aGB78-12531
020 _a0435961004 : £9.50
020 _a0435961012 pbk.
040 _aDLC
_cDLC
_dDLC
_dBD-DhUL
043 _af-ao---
082 _a967.3
_bBEA
100 1 _aBender, Gerald J.
245 1 0 _aAngola under the Portuguese :
_bthe myth and the reality /
_cGerald J. Bender.
260 _aLondon :
_bHeinemann Educational,
_c1978.
300 _axxviii, 287 p. :
_bill., maps ;
_c23 cm.
365 _aUS$
_b31.60
504 _aIncludes bibliographical references in index.
650 0 _aPortuguese
_zAngola.
650 0 _aIndigenous peoples
_zAngola.
651 0 _aAngola
_xRace relations.
651 0 _aAngola
_xSocial conditions.
651 0 _aAngola
_xEconomic conditions.
651 0 _aAngola
_xPolitics and government
_yTo 1975.
906 _a7
_bcbc
_corignew
_d3
_encip
_f19
_gy-gencatlg
942 _2ddc
_cBK
999 _c91574
_d91574